Areas of Hollow Knight + Silksong - Statistics

General Stats
  • This quiz has been taken 47 times
  • The average score is 42 of 48
Answer Stats
Hint Answer % Correct
The Fading Town Dirtmouth
100%
Caverns Connecting Hallownest Together Forgotten Crossroads
97%
Home to the Mantis Tribe Fungal Wastes
97%
The Domain of Unn Greenpath
97%
Land of Bees The Hive
97%
The Capital of Hallownest City of Tears
95%
Home of the Weavers in Hallownest Deepnest
95%
Nestled Deep Within is the Teachers Archive Fog Canyon
95%
Infected Caverns Infected Crossroads
95%
Where the Wyrm Took Form Kingdoms Edge
95%
Gardens Invaded by the Traitor Mantis Tribe Queens Gardens
95%
The Graves of Many Lost Souls Resting Grounds
95%
Holds the Last Reminder of the Radiance Crystal Peak
92%
Home of Joni, Mato, and the Stag Howling Cliffs
92%
Home of the flukes Royal Waterways
92%
Birthplace of the Vessels and Home of the Shade The Abyss
92%
A Land Built on Bones of the Dead The Marrow
92%
The Place Where the Palace Once Stood Ancient Basin
89%
The Industrial Forge of Pharloom Deep Docks
89%
The Land of Gods Godhome
89%
The Court of Craws Carries Out Justice Here Greymoor
89%
The Old Palace White Palace
89%
Soon to be Infected with Plasmium Wormways
89%
Home of the Stiltkin Tribe Bilewater
86%
The Grand Bellway is Here Choral Chambers
86%
The Domain of the Fayforn Mount Fay
86%
The Former Domain of Nyleth Shellwood
86%
The Prison of Pharloom The Slab
86%
Lom has been Condemned to Work Forever Here Underworks
86%
The Lost Kingdom of the Green Prince Verdania/Lost Verdania
86%
Vault Keeper Cardinius Rests Here Whispering Vaults
86%
The Last Judge Stand Guard Within This Area Blasted Steps
84%
Phantom was Exiled to Here Exhaust Organ
84%
Home to the Seamstress Far Fields
84%
The Last Living Conductor Lives Here High Halls
84%
Bastion of the Skarr Tribe Hunters March
84%
Home to Bone Bottom Moss Grotto
84%
The Dried Empire of Crust King Khan Sands of Karak
84%
Full of Muckroaches Used as Livestock Sinners Road
84%
Home of the Voltvyrm Voltnest
84%
Home to a Cult the Worships a Burning God Wisp Thicket
84%
The Very Top of the Citadel, Grand Mother Silk is Here The Cradle
81%
An Abandoned Home of the Weavers Weavenest Atla
81%
The Hospital of Pharloom, Home to the Horrors of the Citadel Whiteward
81%
A Land Where the Inhabitants are Trapped by the Haunting Bellhart
78%
The Entrance to the Citadel of Song Grand Gate
78%
A Museum of the Subjugated Lands of Pharloom Memorium
78%
The Fleas Rest Here Putrified Ducts
54%
No matching quizzes found
Score Distribution
Percent of People with Each Score
Percentile by Number Answered
Your Score History
You have not taken this quiz